Repères romains pour le droit européen des contrats: variations sur des thèmes antiques

Saved in:
Bibliografiske detaljer
Hovedforfatter: Rampelberg, René-Marie (auteur)
Format: Bog
Udgivet: Paris, France: LGDJ, 2005.
Serier:Systèmes. Droit
Fag:
Tags: Tilføj Tag
Ingen Tags, Vær først til at tagge denne postø!

MARC

LEADER 00000cam a2200000 a 4500
001 14058552
003 CL-VaPUC
005 20220822114740.0
008 220728t2005 ||||| |||| 00| 0 eng d
999 |c 437706  |d 437704 
010 |a  2005455120 
020 |a 227502171X 
035 |a (CStRLIN)CUBL06-B811 
040 |a CUL  |c Pontificia Universidad Católica de Valparaíso  |d DLC 
042 |a lccopycat 
043 |a e------ 
050 0 0 |a KJC1720  |b .R36 2005 
082 7 |a 340.54 RAM 2005  |2 22 
100 1 |a Rampelberg, René-Marie.  |e auteur  |9 874245 
245 1 0 |a Repères romains pour le droit européen des contrats:  |b variations sur des thèmes antiques 
260 |a Paris, France:  |b LGDJ,  |c 2005. 
300 |a 206 páginas. 
440 0 |x 0987-9927  |9 874246 
490 |a Systèmes. Droit 
500 |a c.1 Donación Familia Prof. Alejandro Guzmán Brito. 
504 |a Includes bibliographical references (p.195-197) and index. 
583 |c 20220728  |k Catalogador Asistente 
650 0 |a Contratos   |z Europa  |9 873732 
650 0 |a Derecho  |z Europa  |x Influencias romanas  |9 874302 
906 |a 7  |b cbc  |c copycat  |d 2  |e ncip  |f 20  |g y-gencatlg 
942 |2 ddc  |c BK  |n 0 
955 |a oe17 2005-9-14 to SSCD  |a sg18 2006-03-08 z-processor  |i sg18 2006-03-08 
952 |0 0  |1 0  |2 ddc  |4 0  |6 340_540000000000000_RAM_2005  |7 1  |8 C_AGB  |9 585496  |a BIBDER  |b BIBDER  |d 2022-07-28  |e Donación  |i 5653488  |o 340.54 RAM 2005  |p 5653488  |r 2023-01-25  |t 1  |w 2022-07-28  |y BK_US  |k AGB